000 00670nam a2200253 4500
001 4141735
003 OSt
005 20180116183021.0
008 700320s1970 mau 000 1 eng
010 _a 77103953
020 _a0
040 _aDLC
_cDLC
_dDLC
050 0 0 _aPZ4.B6574
_bSi
_aPS3552.L84
082 0 0 _a813.54 BLU 1970
100 1 _aBlum, Ralph,
_d1932-
245 1 4 _aThe Simultaneous Man;
_ba novel.
250 _a[1st ed.]
260 _aBoston,
_bLittle, Brown
_c[1970]
300 _a238 p.
_c22 cm.
_bPB
350 _a5.95
500 _a"An Atlantic Monthly Press book."
906 _a7
_bcbc
_corignew
_du
_encip
_f19
_gy-gencatlg
942 _2ddc
_cBK
999 _c350579
_d350579